000 00462nam a2200193Ia 4500
008 101110s9999 xx 000 0 und d
041 _aMARATHI
082 _bSR22202
100 _aDesai S.M., Bhalerao Nirmal
245 _aBhartiya Arthvyavastha
365 _b230
520 _aEconomics
546 _aMARATHI
630 _aBhartiya Arthvyavastha
650 _aEconomics
655 _aEconomics
730 _aBhartiya Arthvyavastha
942 _cBOOK
999 _c814982
_d814979